000 00897nam a2200265 a 4500
001 000003215
003 OSt
005 20240412074200.0
008 090707s1975 dr r 000 f spa d
040 _aDO-SdBNP
_bspa
_cDO-SdBNP
082 _aRD863.4
_bC422s,1975
100 1 _aCestero, Tulio M.,
_q(Tulio Manuel),
_d1877-1955
_91698
245 1 3 _aLa sangre :
_buna vida bajo la tiranía /
_cTulio M. Cestero.
260 _aSanto Domingo :
_bSociedad Dominicana de Bibliófilos,
_c1975.
300 _a227 p. ;
_c23 cm.
490 1 _aCultura dominicana
534 _aOriginalmente publicado:
_cParís: Librería Paul Ollendorff, 1913
590 _aInventariado, 2019/BT
650 0 _aNovela histórica dominicana.
_9860
650 0 _aLiteratura dominicana.
_967
830 0 _aCultura dominicana
_91708
910 _aValidado. Control de calidad. MMOLINA
942 _2ddc
_cLBS1
956 _aVMateo
999 _c3046
_d3046